000 00468nam a2200193Ia 4500
008 151121s9999||||xx |||||||||||||| ||und||
082 _a954/DAT
082 _bHNW-2441
100 _aDate S। R।
245 _aBhaganagar Struggle
260 _b"Date S। R।, Poona।"
260 _c--
300 _a249
600 _aDate S। R।
630 _aBhaganagar Struggle
700 _aDate S। R।
730 _aBhaganagar Struggle
942 _cBOOK
999 _c1211320
_d1211317